Sifāt al-murabbī /

محفوظ في:

المؤلف الرئيسي: Shubki, Ali (مؤلف)

مؤلفون آخرون: Qaisī, ʻAbd al-Raḥmān Khālid.

التنسيق: كتاب

اللغة: Arabic

منشور في: Baġhdād : 'Ali al-Shubki, 1956.

الطبعة: al-ṭabaʿh 2.

الموضوعات:

الوسوم: إضافة وسم

لا توجد وسوم, كن أول من يضع وسما على هذه التسجيلة!

رقم الطلب: LA1466 .S58

LEADER 00836nam a22002297a 4500
003 OSt
005 20251221121254.0
008 251221t1956 iq 000 0 araod
040 |c ARCE Library 
050 1 4 |a LA1466  |b .S58 
100 1 |6 880-01  |a Shubki, Ali,  |e author  |9 40021 
245 1 0 |6 880-02  |a Sifāt al-murabbī /   |c 'Ali al-Shubki ; qadam lahu ʻAbd al-Raḥmān Khālid Al-Qaisi. 
250 |a al-ṭabaʿh 2. 
264 1 |a Baġhdād :   |b 'Ali al-Shubki,   |c 1956. 
300 |a 150 pages ;  |c 22 cm. 
650 0 |a Teachers  |x Professional ethics. 
700 1 |a Qaisī, ʻAbd al-Raḥmān Khālid.  |9 37961 
880 1 |6 100-01/(3/r  |a الشوبكي، علي 
880 1 0 |6 245-02/(3/r  |a صفات المربي   |c علي الشوبكي ؛ تقديم عبد الرحمن خالد القيسي 
901 |a reviewed 
942 |c BK  |2 lcc 
999 |c 26152  |d 26152